LEADER 00991nam0 22002771i 450 001 UON00243657 005 20231205103600.73 100 $a20030925d1964 |0itac50 ba 101 $ahbs 102 $aHR 105 $a|||| ||||| 200 1 $aTri drame$fMiroslav Krleza 205 $aZagreb : Zora$b1964 210 $a525 p.$a20 cm 215 $aContiene$cU Logoru$dVucjak$dGolgota. 410 1$1001UON00176914$12001 $aSabrana djela Miroslava Krleze$1210 $aZagreb$cZora$v7 620 $aHR$dZagreb$3UONL001976 676 $a891.82$cLetteratura serbo-croata$v21 700 1$aKRLE?A$bMiroslav$3UONV126209$0465374 712 $aZora$3UONV269284$4650 801 $aIT$bSOL$c20250620$gRICA 899 $aSIBA - SISTEMA BIBLIOTECARIO DI ATENEO$2UONSI 912 $aUON00243657 950 $aSIBA - SISTEMA BIBLIOTECARIO DI ATENEO$dSI CROATO A 0190/2 $eSI SL 250/2 5 0190/2 996 $aTri drame$91231255 997 $aUNIOR